Επίλυση εξίσωσης Einstein του στο κενό : πτυχιακή εργασία

Η παρούσα πτυχιακή εργασία μελετά δύο φυσικά φαινόμενα που συνοψίζονται στα ακόλουθα δύο ερωτήματα: α) Γιατί όταν μια ακτίνα φωτός περνά κοντά από τον ήλιο αυτή αποκλίνει από την ευθύγραμμη πορεία της; β) Γιατί το περιήλιο του Ερμή μετά την ολοκλήρωση μιας πλήρους περιστροφής (που είναι μια ελλειψοε...

Πλήρης περιγραφή

Αποθηκεύτηκε σε:
Λεπτομέρειες βιβλιογραφικής εγγραφής
Κύριος συγγραφέας: Στυλιανάκης, Χαράλαμπος
Συγγραφή απο Οργανισμό/Αρχή: Πανεπιστήμιο Αιγαίου. Σχολή Θετικών Επιστημών. Τμήμα Μαθηματικών
Μορφή: Thesis Βιβλίο
Γλώσσα:Greek
Δημοσίευση: 2010.
Θέματα:
Διαθέσιμο Online:http://hdl.handle.net/11610/8014
Ετικέτες: Προσθήκη ετικέτας
Δεν υπάρχουν, Καταχωρήστε ετικέτα πρώτοι!

MARC

LEADER 00000cam a2200000 i 4500
001 1/8383
008 100614s2010 gr | ||| |||| ||gre||
035 |l 10108232 
040 |a GR-MyUA  |b gre  |e AACR2 
041 0 |a gre 
082 0 |a 530.1101516373   |2 (22)  
100 1 |a Στυλιανάκης, Χαράλαμπος. 
245 1 0 |a Επίλυση εξίσωσης Einstein του στο κενό :   |b πτυχιακή εργασία /   |c Χαράλαμπος Στυλιανάκης ; επιβλέπων καθηγητής Αγαπητός Χατζηνικήτας.  
260 |c 2010.  
300 |a 64 σ. ;   |c 30 εκ.  
500 |a Μέλη της εξεταστικής επιτροπής: Χατζηνικήτας Αγαπητός, Χουσιάδας Κώστας, Νικολόπουλος Χρήστος.  
502 |a Πτυχιακή εργασία – Πανεπιστήμιο Αιγαίου, Σάμος, 2010.  
504 |a Βιβλιογραφία: σ. 64.  
506 1 |a Διάθεση πλήρους κειμένου ;   |d Ενδοπανεπιστημιακή δημοσίευση.  
520 |a Η παρούσα πτυχιακή εργασία μελετά δύο φυσικά φαινόμενα που συνοψίζονται στα ακόλουθα δύο ερωτήματα: α) Γιατί όταν μια ακτίνα φωτός περνά κοντά από τον ήλιο αυτή αποκλίνει από την ευθύγραμμη πορεία της; β) Γιατί το περιήλιο του Ερμή μετά την ολοκλήρωση μιας πλήρους περιστροφής (που είναι μια ελλειψοειδής καμπύλη) γύρω από τον ήλιο είναι μετατοπισμένο κατά γωνία φ; Τα ερωτήματα αυτά μπορούν να απαντηθούν χρησιμοποιώντας τη Γενική Θεωρία της Σχετικότητας, αφού η Νευτώνεια Μηχανική αποτυγχάνει να τα ερμηνεύσει. Το μαθηματικό υπόβαθρο της Γενικής Θεωρίας της Σχετικότητας είναι η Ρημάνια Γεωμετρία οπότε τα κεφάλαια Ι και ΙΙ αποτελούν μια εισαγωγή στις βασικές έννοιες και θεωρήματα που αναφέρονται στην πολλαπλότητα, τον εφαπτόμενος και συνεφαπτόμενο χώρο μιας πολλαπλότητας, τα διανυσματικά και τανυστικά πεδία, τις ροές, τις παραγώγους του Lie κατά μήκος της ροής που παράγεται από διανυσματικό πεδίο, τις διαφορικές μορφές και βασικές ιδιότητές τους, το μετρικό τανυστή, την παράλληλη μεταφορά διανυσμάτων, τη συναλλοίωτη παράγωγο και συνοχή, την καμπυλότητα του Riemann και τη στρέψη, τις Levi-Civita συνοχές και γεωδαισιακές. Στο κεφάλαιο ΙΙΙ, χρησιμοποιώντας τη μέθοδο των μεταβολών για τη δράση Hilbert-Einstein αναπαράγουμε την εξίσωση του Einstein στο κενό. Μια λύση της εξίσωσης του Einstein στο κενό είναι η γενική ισοτροπική η οποία στη στατική περίπτωση αποτελεί τη λύση του Schwarzschild. Μελετώντας αναλυτικά τις γεωμετρικές ιδιότητες αυτής της μοναδικής συμμετρικά σφαιρικής λύσης απαντάμε διαδοχικά τα ερωτήματα που θέσαμε στην εισαγωγή. Η απάντηση στο πρώτο ερώτημα δίνεται με την καμπύλωση του χώρου που δημιουργείται από τον ήλιο, οπότε το φωτόνιο (σωματίδιο χωρίς μάζα) αποκλίνει από την ευθύγραμμη πορεία του. Για το δεύτερο ερώτημα υπολογίζεται αναλυτικά η τιμή της γωνίας φ συναρτήσει της μάζας που δημιουργεί το βαρυντικό πεδίο και της απόστασης από αυτή.  
540 |a Κλειδωμένη η δυνατότητα αντιγραφής (copy) του κειμένου.  
610 2 0 |a University of the Aegean  |x Dissertations. 
650 0 0 |a Relativity (Physics) 
650 0 0 |a Geometry, Riemannian. 
650 0 0 |a Manifolds (Mathematics) 
650 0 0 |a Dissertations, Academic  |z Greece. 
700 1 |a Χατζηνικήτας, Αγαπητός,  |e dgs 
710 2 |a Πανεπιστήμιο Αιγαίου.   |b Σχολή Θετικών Επιστημών.   |b Τμήμα Μαθηματικών. 
852 |a INST  |b SAMOS  |c DIATR  |e 20100614  |h 530.1101516373 ΣΤΥ  |p 005300031726  |q 005300031726  |t DIE  |y 23 
852 |a INST  |b SAMOS  |c DIATR  |e 20100614  |h 530.1101516373 ΣΤΥ  |p 005300031727  |q 005300031727  |t DIE  |y 23 
856 |u http://hdl.handle.net/11610/8014 
901 |a BIBL3-2010-2 
909 |a Σ  |b 162474 
909 |a Σ  |b 162475 
924 |a ΣΤΥΛΙΑΝΑΚΗΣ  |b ΧΑΡΑΛΑΜΠΟΣ  |y Σάμος  |z 2010-06 
970 |a ΚΟΣΙΕΡΗΣ  |b ΧΡΗΣΤΟΣ  |z 2010/06/14